000 00305nam a2200145Ia 4500
100 _aBakshi
250 _a2
490 _vI
942 _cBK
654 _aMachines
245 _aElectrical machines and instruments
260 _bTech Publication
_c2003
082 _a621.31042
_bBAK
546 _aENGLISH
999 _c21131
_d21131